000 01124cam a22003377a 4500
003 CHAP
005 20220817043142.0
008 971013s1982 it r 00010 eng d
010 _a66906
011 _a67878
035 _a77350
040 _cCHAP
082 _a636.08
_bF3y v.29
110 _aFAO
245 1 0 _aEchinococcosis/hydatidosis surveillance prevention and control :
_bfao/unep/Who guidelines
_c/by J.Eckert ...[et al.]
260 _aRome :
_bFAO,
_c1982
300 _a147 p.
490 0 _aFAO. Producción y sanidad animal
_v; 29
590 _aBATCH-UPD
_b10
_c20130110
_lUCH01
_h0824
590 _aBATCH-UPD
_b10
_c20130410
_lUCH01
_h0502
590 _aBATCH-UPD
_b10
_c20130914
_lUCH01
_h0343
590 _aCONVERSION
_b10
_c20130109
_lUCH01
_h1337
650 1 4 _aAnimales como vectores de enfermedades.
_95877
650 1 4 _aSalud pública.
_9101813
650 1 4 _aZoonosis.
_9124194
700 0 _aEckert, J.
_935105
830 0 _aFAO. Producción y sanidad animal
_v; 29
_939655
901 _aBK
942 _cLIBRO
949 _a636.08 F3y v.29
_bBC
_cFAO
_d33724002064991
_eFAO1
_gI.139782
_h72327
_i77350
_sb
_t10.00
999 _c66906
_d66906